[Event "XXIX Miedzynarodowy Festiwal Szachowy CRACOVIA-2018 Grupa B"]
[Site "Krakow, Hotel Galaxy, ul. Gesia 22a"]
[Date "2019.01.04"]
[Round "9.26"]
[White "Nasirov, Ruslan"]
[Black "Podgorski, Maciej"]
[Result "1-0"]
[WhiteElo "2062"]
[BlackElo "1841"]
[PlyCount "69"]
[EventDate "2019.??.??"]

1. e4 c5 2. Nc3 e6 3. f4 d5 4. exd5 exd5 5. Bb5+ Bd7 6. Qe2+ Be7 7. Nxd5 Nc6 8.
Nf3 a6 9. Bxc6 Bxc6 10. Nxe7 Nxe7 11. O-O O-O 12. Ne5 Re8 13. Qf2 Rc8 14. b3
Nf5 15. Bb2 Nd4 16. c3 Nf5 17. Rae1 b5 18. Nxc6 Rxc6 19. Re5 g6 20. g4 Ng7 21.
d4 Rce6 22. dxc5 Rxe5 23. fxe5 Qd7 24. Qd4 Qc8 25. b4 Ne6 26. Qe3 Rd8 27. Bc1
Rd7 28. Qf3 Qd8 29. Be3 Qc7 30. Qe4 Qd8 31. Qf3 Qc7 32. Bf4 Re7 33. Bg3 Rd7 34.
Qa8+ Kg7 35. Qxa6 1-0

[Event "XXIX Miedzynarodowy Festiwal Szachowy CRACOVIA-2018 Grupa B"]
[Site "Krakow, Hotel Galaxy, ul. Gesia 22a"]
[Date "2019.01.04"]
[Round "9.27"]
[White "Butyrowski, Marcel"]
[Black "Jeda, Maciej"]
[Result "0-1"]
[WhiteElo "1802"]
[BlackElo "1917"]
[PlyCount "78"]
[EventDate "2019.??.??"]

1. Nf3 Nf6 2. c4 g6 3. b3 Bg7 4. Bb2 O-O 5. g3 d6 6. d4 Bf5 7. Bg2 Qc8 8. O-O
Bh3 9. Re1 Bxg2 10. Kxg2 Nh5 11. h3 Nc6 12. Qd2 e5 13. d5 Ne7 14. Nc3 h6 15. e4
f5 16. Rf1 fxe4 17. Nh2 g5 18. Nxe4 Ng6 19. Qd1 Nhf4+ 20. gxf4 Nh4+ 21. Kh1
Rxf4 22. f3 Qxh3 23. Qe2 Raf8 24. Bc1 R4f5 25. Bd2 Nxf3 26. Qg2 Qh4 27. Ng3
R5f7 28. Rad1 e4 29. Be3 Be5 30. Bf2 Qxh2+ 31. Qxh2 Nxh2 32. Nxe4 Ng4 33. Kg2
Rxf2+ 34. Nxf2 Ne3+ 35. Kg1 Nxf1 36. Rxf1 Bd4 37. Kg2 Rxf2+ 38. Rxf2 Bxf2 39.
Kxf2 h5 0-1

[Event "XXIX Miedzynarodowy Festiwal Szachowy CRACOVIA-2018 Grupa B"]
[Site "Krakow, Hotel Galaxy, ul. Gesia 22a"]
[Date "2019.01.04"]
[Round "9.28"]
[White "Goraj, Barbara"]
[Black "Gawronski, Lukasz"]
[Result "1/2-1/2"]
[WhiteElo "1786"]
[BlackElo "1916"]
[PlyCount "74"]
[EventDate "2019.??.??"]

1. e4 e6 2. d4 d5 3. Nd2 c5 4. exd5 Qxd5 5. Ngf3 cxd4 6. Bc4 Qd7 7. O-O Nc6 8.
Nb3 a6 9. Nbxd4 Nxd4 10. Nxd4 Qc7 11. Qe2 Bd6 12. h3 Ne7 13. Bg5 O-O 14. Rfe1
Ng6 15. Rad1 Ne5 16. Bb3 b5 17. Qd2 Nc4 18. Bxc4 bxc4 19. Nf3 Bc5 20. Bf4 Qb6
21. c3 Bb7 22. Ne5 Rfd8 23. Qe2 Bd5 24. Bg3 Qb7 25. Kh2 Qb5 26. Rd2 f6 27. Ng4
e5 28. Red1 Bb6 29. Ne3 Bf7 30. Nf5 Rxd2 31. Rxd2 Rd8 32. Nd6 Qc6 33. Nxf7 Kxf7
34. Kg1 Rxd2 35. Qxd2 Ke6 36. Kf1 Qd5 37. Qxd5+ Kxd5 1/2-1/2

[Event "XXIX Miedzynarodowy Festiwal Szachowy CRACOVIA-2018 Grupa B"]
[Site "Krakow, Hotel Galaxy, ul. Gesia 22a"]
[Date "2019.01.04"]
[Round "9.30"]
[White "Buchta, Agnieszka"]
[Black "Czechowski, Jakub"]
[Result "1/2-1/2"]
[WhiteElo "1856"]
[BlackElo "1840"]
[PlyCount "59"]
[EventDate "2019.??.??"]

1. e4 e5 2. Nf3 Nc6 3. d4 exd4 4. Bc4 Nf6 5. e5 d5 6. Bb5 Ne4 7. Nxd4 Bd7 8.
Bxc6 bxc6 9. O-O Bc5 10. f3 Ng5 11. f4 Ne4 12. Be3 Bb6 13. Nc3 Nxc3 14. bxc3
O-O 15. Qf3 f6 16. Qg3 Qe7 17. Rae1 c5 18. Nb3 fxe5 19. fxe5 Rxf1+ 20. Rxf1 Rf8
21. Rxf8+ Qxf8 22. Qf2 Qxf2+ 23. Kxf2 c4 24. Nc5 Bf5 25. Bd4 Kf7 26. Ke3 Bxc2
27. Kf4 g6 28. Kg5 h5 29. g3 Bf5 30. Bf2 1/2-1/2

[Event "XXIX Miedzynarodowy Festiwal Szachowy CRACOVIA-2018 Grupa B"]
[Site "Krakow, Hotel Galaxy, ul. Gesia 22a"]
[Date "2019.01.04"]
[Round "9.31"]
[White "Bartoszewicz, Marcin"]
[Black "Kalkowski, Igor"]
[Result "1-0"]
[WhiteElo "1853"]
[BlackElo "1716"]
[PlyCount "109"]
[EventDate "2019.??.??"]

1. e4 c5 2. c3 g6 3. d4 cxd4 4. cxd4 d5 5. e5 Nc6 6. Nc3 Bg7 7. Nf3 Bg4 8. Be2
Nh6 9. O-O O-O 10. h3 Bxf3 11. Bxf3 e6 12. Be3 f6 13. exf6 Qxf6 14. Qb3 b6 15.
Nxd5 exd5 16. Qxd5+ Nf7 17. Qxc6 Qxc6 18. Bxc6 Rad8 19. Rad1 Rd6 20. Bf3 Rfd8
21. Rfe1 Kf8 22. Kf1 Bxd4 23. Bxd4 Rxd4 24. Rxd4 Rxd4 25. Rd1 Rc4 26. Ke2 Rc7
27. Bd5 Ke7 28. a4 Nd6 29. g4 Ne8 30. b3 Nf6 31. Bc4 Ne4 32. Rd4 Nd6 33. f4
Nxc4 34. Rxc4 Rd7 35. Ke3 Kf6 36. Rc6+ Kf7 37. b4 Ke7 38. Ke4 Kf7 39. h4 Kg7
40. Ke5 Kf7 41. f5 Re7+ 42. Kf4 gxf5 43. gxf5 Rd7 44. Kg5 Kg7 45. a5 Rb7 46. h5
bxa5 47. bxa5 Kf7 48. a6 Rd7 49. h6 Re7 50. Rc8 Re1 51. Rc7+ Re7 52. Rxe7+ Kxe7
53. Kf4 Kf7 54. Ke5 Ke7 55. Kd5 1-0

[Event "XXIX Miedzynarodowy Festiwal Szachowy CRACOVIA-2018 Grupa B"]
[Site "Krakow, Hotel Galaxy, ul. Gesia 22a"]
[Date "2019.01.04"]
[Round "9.32"]
[White "Leczek, Weronika"]
[Black "Beraia, Levan"]
[Result "0-1"]
[WhiteElo "1771"]
[BlackElo "1851"]
[PlyCount "54"]
[EventDate "2019.??.??"]

1. e4 d5 2. exd5 Qxd5 3. Nc3 Qd6 4. d4 c6 5. g3 Nf6 6. Bg2 Bg4 7. Nf3 e6 8. O-O
Be7 9. a3 O-O 10. b3 Rd8 11. Ne2 Qc7 12. h3 Bxf3 13. Bxf3 c5 14. c3 Nc6 15. Bb2
Rac8 16. Qc1 Qb6 17. dxc5 Qxb3 18. Rb1 Ne5 19. Nd4 Rxd4 20. cxd4 Nxf3+ 21. Kg2
Qd5 22. Rd1 Nd2+ 23. Kg1 Nxb1 24. Qxb1 b6 25. cxb6 axb6 26. Qd3 b5 27. Ba1 Qc4
0-1

[Event "XXIX Miedzynarodowy Festiwal Szachowy CRACOVIA-2018 Grupa B"]
[Site "Krakow, Hotel Galaxy, ul. Gesia 22a"]
[Date "2019.01.04"]
[Round "9.33"]
[White "Gulie, Cosmin"]
[Black "Borowski, Przemyslaw"]
[Result "1-0"]
[WhiteElo "2055"]
[BlackElo "1817"]
[PlyCount "97"]
[EventDate "2019.??.??"]

1. b4 d5 2. Bb2 Bf5 3. e3 e6 4. Nf3 Nf6 5. b5 a6 6. a4 axb5 7. axb5 Rxa1 8.
Bxa1 Nbd7 9. Be2 Ne4 10. O-O Ndf6 11. d3 Nd6 12. c4 dxc4 13. dxc4 Qa8 14. Nbd2
Be7 15. Nd4 Bg6 16. Qb3 Nde4 17. Nxe4 Nxe4 18. Nf3 Nc5 19. Qc3 Bf6 20. Qb4 Bxa1
21. Qxc5 Qa2 22. Rd1 Bc2 23. Rc1 Bb2 24. Rf1 Ba3 25. Qxc7 O-O 26. Nd4 Bg6 27.
Bf3 Bd3 28. Rd1 Qxc4 29. Qxc4 Bxc4 30. Bxb7 e5 31. Nc6 Bxb5 32. Nxe5 g6 33. Rd5
Be8 34. Nc4 Be7 35. g3 f6 36. Nd6 Bd7 37. Ne4 Be6 38. Rd4 Bh3 39. f3 f5 40. Nf2
Bc5 41. Rd3 f4 42. Nxh3 fxe3 43. Kf1 Rb8 44. Bd5+ Kg7 45. Rb3 Rd8 46. Nf4 Kf6
47. Rc3 Bd4 48. Rc6+ Kf5 49. Be4+ 1-0

[Event "XXIX Miedzynarodowy Festiwal Szachowy CRACOVIA-2018 Grupa B"]
[Site "Krakow, Hotel Galaxy, ul. Gesia 22a"]
[Date "2019.01.04"]
[Round "9.34"]
[White "Wojciechowski, Beniamin"]
[Black "Landl, Margot"]
[Result "0-1"]
[WhiteElo "1845"]
[BlackElo "1975"]
[PlyCount "60"]
[EventDate "2019.??.??"]

1. e4 e5 2. f4 exf4 3. Nf3 Be7 4. Bc4 Nf6 5. e5 Ng4 6. O-O d5 7. exd6 Qxd6 8.
d4 Qh6 9. Bxf7+ Kxf7 10. Ne5+ Nxe5 11. Bxf4 Qg6 12. Bxe5+ Bf6 13. Nc3 Bg4 14.
Qe1 Nd7 15. Nd5 c6 16. Bxf6 Nxf6 17. Qe7+ Kg8 18. Qxb7 cxd5 19. Qxa8+ Qe8 20.
Qxa7 h6 21. Rae1 Ne4 22. c4 Qg6 23. Qa8+ Kh7 24. Qxd5 Nf6 25. Qc6 Rc8 26. Qa6
Qd3 27. Rxf6 Qxd4+ 28. Rf2 Rf8 29. Ref1 Be2 30. Qa3 Rxf2 0-1

[Event "XXIX Miedzynarodowy Festiwal Szachowy CRACOVIA-2018 Grupa B"]
[Site "Krakow, Hotel Galaxy, ul. Gesia 22a"]
[Date "2019.01.04"]
[Round "9.35"]
[White "Serra Azul Neto, Francisco"]
[Black "Kozlowski, Michal"]
[Result "1/2-1/2"]
[WhiteElo "1915"]
[BlackElo "1812"]
[PlyCount "69"]
[EventDate "2019.??.??"]

1. d4 d5 2. Nf3 Nf6 3. e3 e6 4. Bd3 Be7 5. Nbd2 b6 6. c3 Nbd7 7. e4 dxe4 8.
Nxe4 Bb7 9. Qe2 O-O 10. O-O c5 11. dxc5 Nxe4 12. Bxe4 Bxe4 13. Qxe4 Nxc5 14.
Qe2 Qc7 15. Be3 Rfd8 16. Bd4 Rd5 17. Rfe1 Rad8 18. Qc4 Qb7 19. a4 Nd7 20. Re3
Bf6 21. Qe2 Bxd4 22. Nxd4 Nf6 23. h3 h6 24. Rg3 Qd7 25. Re3 Nh7 26. b3 Nf8 27.
Re1 Ng6 28. Qc2 Ne7 29. R3e2 Nc6 30. Nxc6 Qxc6 31. c4 Rd3 32. Re3 Rd2 33. Qe4
Qxe4 34. Rxe4 Rb2 35. R4e3 1/2-1/2

[Event "XXIX Miedzynarodowy Festiwal Szachowy CRACOVIA-2018 Grupa B"]
[Site "Krakow, Hotel Galaxy, ul. Gesia 22a"]
[Date "2019.01.04"]
[Round "9.37"]
[White "Ociepka, Tomasz"]
[Black "Rogala, Milosz"]
[Result "1/2-1/2"]
[WhiteElo "1907"]
[BlackElo "1738"]
[PlyCount "70"]
[EventDate "2019.??.??"]

1. e4 c6 2. c4 d5 3. cxd5 cxd5 4. exd5 Nf6 5. Bb5+ Nbd7 6. Nc3 g6 7. d4 Bg7 8.
d6 exd6 9. Qe2+ Qe7 10. Bf4 Qxe2+ 11. Bxe2 Ke7 12. Nb5 Ne8 13. Nf3 a6 14. Nc3
Ndf6 15. a4 Be6 16. O-O Nc7 17. Rfe1 Ncd5 18. Bg3 Rac8 19. Rac1 Kd7 20. Ng5 Bh6
21. h4 Nxc3 22. bxc3 Bxg5 23. hxg5 Ne4 24. Bf4 Nxc3 25. Bf3 Nd5 26. Bd2 Rxc1
27. Rxc1 Rc8 28. Rxc8 Kxc8 29. Bxd5 Bxd5 30. Bb4 Kd7 31. f3 Bb3 32. a5 Kc6 33.
Kf2 Kd5 34. Ke3 Bc4 35. Kd2 Kxd4 1/2-1/2

[Event "XXIX Miedzynarodowy Festiwal Szachowy CRACOVIA-2018 Grupa B"]
[Site "Krakow, Hotel Galaxy, ul. Gesia 22a"]
[Date "2019.01.04"]
[Round "9.38"]
[White "Gorkiewicz, Mateusz"]
[Black "Kawula, Andrzej"]
[Result "1-0"]
[WhiteElo "1838"]
[BlackElo "1902"]
[PlyCount "87"]
[EventDate "2019.??.??"]

1. e4 e6 2. d4 d5 3. Nc3 Bb4 4. e5 c5 5. Bd2 Ne7 6. Nb5 Bxd2+ 7. Qxd2 O-O 8. f4
cxd4 9. Nf3 Nbc6 10. Nbxd4 Nxd4 11. Nxd4 Nc6 12. O-O-O Qb6 13. Kb1 Bd7 14. Nf3
a5 15. a3 a4 16. Bd3 Rfc8 17. Qe1 h6 18. g4 Na5 19. g5 h5 20. g6 fxg6 21. Qg3
Be8 22. Nh4 Rc3 23. Qg1 d4 24. Nxg6 Bc6 25. Ne7+ Kf8 26. Nxc6 bxc6 27. Ka2 Rb8
28. Rb1 Rxd3 29. cxd3 Qb3+ 30. Ka1 Qxd3 31. Qf1 Qe4 32. Rd1 Qc2 33. Rb1 Nb3+
34. Ka2 Nd2 35. Qc1 Qb3+ 36. Ka1 Qd3 37. Qxc6 Qb3 38. Qd6+ Kg8 39. Qxd4 Qc2 40.
Qc3 Nb3+ 41. Ka2 Qe4 42. Rbd1 Qxf4 43. Rhg1 Qf8 44. Qc7 1-0

[Event "XXIX Miedzynarodowy Festiwal Szachowy CRACOVIA-2018 Grupa B"]
[Site "Krakow, Hotel Galaxy, ul. Gesia 22a"]
[Date "2019.01.04"]
[Round "9.39"]
[White "Lobunets, Vladimir"]
[Black "Czaplewska, Klara"]
[Result "1/2-1/2"]
[WhiteElo "1801"]
[BlackElo "1890"]
[PlyCount "99"]
[EventDate "2019.??.??"]

1. d4 Nf6 2. Bf4 e6 3. e3 d5 4. Nd2 Be7 5. Bd3 c5 6. c3 Nc6 7. h3 Bd6 8. Bxd6
Qxd6 9. f4 b6 10. Ngf3 Bb7 11. Ne5 O-O 12. O-O Rac8 13. Qe1 Ne7 14. g4 Ne4 15.
Rd1 f6 16. Nef3 Kh8 17. h4 Qd7 18. Nh2 f5 19. g5 Qe8 20. Be2 Qa4 21. a3 Qc2 22.
Nxe4 dxe4 23. Bc4 Bd5 24. Rf2 Qa4 25. b3 Qe8 26. Bxd5 Nxd5 27. c4 Ne7 28. dxc5
Rxc5 29. Rfd2 Rc7 30. Rd6 Nc6 31. Qd2 Qh5 32. Rxe6 Qxh4 33. Qf2 Qxf2+ 34. Kxf2
Na5 35. Rb1 Rd7 36. Nf1 Kg8 37. Re5 g6 38. Ke2 Rd3 39. c5 Rc8 40. cxb6 axb6 41.
Rb5 Rc6 42. Rb2 Kf7 43. a4 Ke7 44. Nd2 Rdd6 45. b4 Nc4 46. Nxc4 Rxc4 47. a5
bxa5 48. bxa5 Rc7 49. Rb7 Kd7 50. R2b6 1/2-1/2

[Event "XXIX Miedzynarodowy Festiwal Szachowy CRACOVIA-2018 Grupa B"]
[Site "Krakow, Hotel Galaxy, ul. Gesia 22a"]
[Date "2019.01.04"]
[Round "9.40"]
[White "Raclawicki, Kacper"]
[Black "Panek, Bartosz"]
[Result "0-1"]
[WhiteElo "1794"]
[BlackElo "1871"]
[PlyCount "120"]
[EventDate "2019.??.??"]

1. g3 Nf6 2. Bg2 g6 3. Nf3 Bg7 4. c4 e6 5. d4 d5 6. Nc3 O-O 7. Ne5 c6 8. O-O
Nbd7 9. f4 dxc4 10. Nxc4 Nb6 11. Ne5 Nfd5 12. e4 Nb4 13. a3 Na6 14. Be3 f6 15.
Nf3 Nc4 16. Qe2 Nxe3 17. Qxe3 Qb6 18. Qf2 Qa5 19. b4 Qc7 20. Qa2 Kh8 21. e5 Bd7
22. Rac1 Qb6 23. Na4 Qc7 24. Rfd1 Rad8 25. Bh3 Rfe8 26. Bf1 Nb8 27. Nc5 Bc8 28.
Bc4 Qe7 29. Ne4 b5 30. Bb3 Rf8 31. Nd6 Bd7 32. Nb7 Rde8 33. Nd6 Rd8 34. Nb7
Rde8 35. Nc5 Bc8 36. Re1 fxe5 37. dxe5 Bh6 38. Ne4 Rd8 39. Red1 c5 40. Nxc5 g5
41. Bxe6 gxf4 42. g4 Bb7 43. Nxb7 Qxb7 44. Bd5 Qb6+ 45. Qf2 Qg6 46. h3 Bg7 47.
e6 Rfe8 48. Rc7 Rxe6 49. Qxa7 Red6 50. Nh4 Qf6 51. Nf5 Rxd5 52. Rxd5 Qa1+ 53.
Kf2 Qa2+ 54. Kg1 Qxd5 55. Rxg7 Qd1+ 56. Kg2 Rd2+ 57. Qf2 f3+ 58. Kg3 Rxf2 59.
Kxf2 Qe2+ 60. Kg3 Qg2+ 0-1

[Event "XXIX Miedzynarodowy Festiwal Szachowy CRACOVIA-2018 Grupa B"]
[Site "Krakow, Hotel Galaxy, ul. Gesia 22a"]
[Date "2019.01.04"]
[Round "9.41"]
[White "Gorecki, Grzegorz"]
[Black "Kaniak, Justyna"]
[Result "0-1"]
[WhiteElo "1867"]
[BlackElo "1729"]
[PlyCount "62"]
[EventDate "2019.??.??"]

1. d4 c5 2. e3 Nf6 3. c4 e6 4. Nc3 cxd4 5. exd4 d5 6. Nf3 Bb4 7. a3 Be7 8. Bd3
O-O 9. O-O b6 10. Be3 Bb7 11. Rc1 Nbd7 12. Qd2 Ne4 13. cxd5 Nxc3 14. Rxc3 Bxd5
15. Rfc1 Bd6 16. Ng5 Nf6 17. Qc2 h6 18. Ne4 Nxe4 19. Bxe4 Qh4 20. Bxd5 Qxh2+
21. Kf1 exd5 22. g3 Rae8 23. Ke2 Bxg3 24. Qf5 Bf4 25. Qxd5 Bxe3 26. Rxe3 Rxe3+
27. Kxe3 Re8+ 28. Kd3 Qxf2 29. Qc6 Qe2+ 30. Kc3 Re3+ 31. Kb4 Qxb2+ 0-1

[Event "XXIX Miedzynarodowy Festiwal Szachowy CRACOVIA-2018 Grupa B"]
[Site "Krakow, Hotel Galaxy, ul. Gesia 22a"]
[Date "2019.01.04"]
[Round "9.42"]
[White "Zeliantsova, Kseniya"]
[Black "Bugaev, Anton"]
[Result "1-0"]
[WhiteElo "1858"]
[BlackElo "1722"]
[PlyCount "101"]
[EventDate "2019.??.??"]

1. e4 c5 2. Nf3 d6 3. Bb5+ Bd7 4. Bxd7+ Qxd7 5. c4 Nf6 6. Nc3 Nc6 7. O-O g6 8.
d4 cxd4 9. Nxd4 Bg7 10. Nc2 O-O 11. Ne3 Rac8 12. f3 Na5 13. Qd3 Nc6 14. Rb1 Ne5
15. Qe2 Bh6 16. b3 Nh5 17. Ned5 Bxc1 18. Rbxc1 e6 19. Ne3 Nf6 20. Rfd1 a6 21.
f4 Nc6 22. e5 Nh5 23. Ne4 Qe7 24. exd6 Qh4 25. g3 Qd8 26. Qb2 f5 27. Ng5 Qd7
28. c5 Nf6 29. Nc4 Nd5 30. Qg2 Rcd8 31. Rxd5 exd5 32. Qxd5+ Kh8 33. Ne5 Nxe5
34. fxe5 Rde8 35. e6 Qd8 36. Qe5+ Qf6 37. Qxf6+ Rxf6 38. d7 Rff8 39. dxe8=Q
Rxe8 40. c6 bxc6 41. Rxc6 h6 42. Nf7+ Kg7 43. Rxa6 h5 44. h4 Rc8 45. Ng5 Kf8
46. Ra7 Rc1+ 47. Kg2 Rc2+ 48. Kf3 Rc1 49. Nh7+ Ke8 50. Nf6+ Kf8 51. Rf7# 1-0

[Event "XXIX Miedzynarodowy Festiwal Szachowy CRACOVIA-2018 Grupa B"]
[Site "Krakow, Hotel Galaxy, ul. Gesia 22a"]
[Date "2019.01.04"]
[Round "9.43"]
[White "Furtak, Joanna"]
[Black "Bobrowski, Damian"]
[Result "1/2-1/2"]
[WhiteElo "1888"]
[BlackElo "1597"]
[PlyCount "47"]
[EventDate "2019.??.??"]

1. e4 e6 2. d4 d5 3. Nc3 dxe4 4. Nxe4 Bd7 5. Nf3 Bc6 6. Bd3 Nd7 7. O-O Ngf6 8.
Ng3 Be7 9. Re1 O-O 10. Qe2 Bxf3 11. Qxf3 c5 12. Be3 Qb6 13. dxc5 Bxc5 14. Bxc5
Nxc5 15. b3 Nxd3 16. Qxd3 Rfd8 17. Qe2 Qa5 18. Nf1 b5 19. c4 bxc4 20. Qxc4 Rac8
21. Qe2 Nd5 22. Ne3 Nf4 23. Qf3 Nd3 24. Red1 1/2-1/2

[Event "XXIX Miedzynarodowy Festiwal Szachowy CRACOVIA-2018 Grupa B"]
[Site "Krakow, Hotel Galaxy, ul. Gesia 22a"]
[Date "2019.01.04"]
[Round "9.44"]
[White "Zechner, Andrea"]
[Black "Mirowska, Oliwia"]
[Result "0-1"]
[WhiteElo "1859"]
[BlackElo "1720"]
[PlyCount "104"]
[EventDate "2019.??.??"]

1. d4 d6 2. Bf4 f5 3. Nf3 Nf6 4. g3 g6 5. Bg2 Bg7 6. O-O O-O 7. c4 c6 8. Nc3
Qe8 9. d5 h6 10. Nd4 g5 11. Bc1 e5 12. dxe6 Bxe6 13. Nxe6 Qxe6 14. Qd3 Na6 15.
e3 Nc5 16. Qe2 Nfe4 17. Nd1 Rad8 18. Rb1 Kh8 19. b3 Rfe8 20. Bb2 Re7 21. Qc2 d5
22. Bxg7+ Kxg7 23. b4 dxc4 24. bxc5 Nd2 25. Nb2 Red7 26. Rfd1 Nxb1 27. Rxd7+
Qxd7 28. Qxb1 c3 29. Bf3 cxb2 30. Qxb2+ Kh7 31. Bh5 Rf8 32. Qe5 g4 33. h3 gxh3
34. Kh2 Qd5 35. Qxd5 cxd5 36. Bf3 Rc8 37. Bxd5 Rxc5 38. Bxb7 Rc2 39. Bd5 Rxf2+
40. Kxh3 Re2 41. e4 fxe4 42. Kg4 Kg7 43. Kf4 Kf6 44. Bc4 Re1 45. g4 e3 46. Bd3
Ke6 47. Ke4 Kd6 48. Kd4 Kc6 49. Be4+ Kb5 50. Kc3 Rd1 51. Bd3+ Ka5 52. Bc4 Rc1+
0-1

[Event "XXIX Miedzynarodowy Festiwal Szachowy CRACOVIA-2018 Grupa B"]
[Site "Krakow, Hotel Galaxy, ul. Gesia 22a"]
[Date "2019.01.04"]
[Round "9.45"]
[White "Libura, Julianna"]
[Black "Dziewonski, Dariusz"]
[Result "1/2-1/2"]
[WhiteElo "1587"]
[BlackElo "1757"]
[PlyCount "88"]
[EventDate "2019.??.??"]

1. e4 e5 2. Nf3 Nf6 3. Nxe5 d6 4. Nf3 Nxe4 5. d4 d5 6. Bd3 Bd6 7. O-O O-O 8. h3
Nd7 9. c4 c6 10. Nc3 Ndf6 11. Re1 Re8 12. Qc2 Nxc3 13. Rxe8+ Qxe8 14. bxc3 h6
15. Bd2 Be6 16. Re1 Qd8 17. c5 Bc7 18. Qc1 Nd7 19. Bb1 b6 20. Qc2 Nf8 21. cxb6
axb6 22. Ne5 c5 23. Re3 Bd6 24. Rg3 Qf6 25. f4 Kh8 26. f5 Bd7 27. Bf4 Ba4 28.
Qe2 Nd7 29. Nxf7+ Qxf7 30. Bxd6 Re8 31. Be5 Nxe5 32. dxe5 Qc7 33. f6 Rg8 34.
Qd3 gxf6 35. Rxg8+ Kxg8 36. Qxd5+ Qf7 37. e6 Qe7 38. Bf5 Be8 39. Qd2 Kg7 40.
Qf4 h5 41. Qb8 b5 42. Qg3+ Kf8 43. Qe3 Kg7 44. Qg3+ Kf8 1/2-1/2

[Event "XXIX Miedzynarodowy Festiwal Szachowy CRACOVIA-2018 Grupa B"]
[Site "Krakow, Hotel Galaxy, ul. Gesia 22a"]
[Date "2019.01.04"]
[Round "9.46"]
[White "Wnek, Filip"]
[Black "Alhejab, Meshal"]
[Result "1-0"]
[WhiteElo "1735"]
[BlackElo "1497"]
[PlyCount "59"]
[EventDate "2019.??.??"]

1. e4 d6 2. d4 Nf6 3. Nc3 Nbd7 4. f4 e5 5. Nf3 exd4 6. Qxd4 c6 7. Be3 d5 8.
exd5 Bc5 9. Qd3 O-O 10. O-O-O cxd5 11. h3 Bxe3+ 12. Qxe3 Nb6 13. g4 Bd7 14. Be2
Bc6 15. Rhe1 Qc7 16. g5 Rfe8 17. Qd4 Ne4 18. Ne5 Rad8 19. h4 Nd6 20. h5 Nf5 21.
Qd3 g6 22. Bg4 Qc8 23. hxg6 fxg6 24. Rh1 Re7 25. Qh3 d4 26. Nxg6 hxg6 27. Qh8+
Kf7 28. Rh7+ Ke6 29. Qe5+ Kd7 30. Rxe7# 1-0

[Event "XXIX Miedzynarodowy Festiwal Szachowy CRACOVIA-2018 Grupa B"]
[Site "Krakow, Hotel Galaxy, ul. Gesia 22a"]
[Date "2019.01.04"]
[Round "9.47"]
[White "Dryja, Szymon"]
[Black "Jamroz, Krzysztof"]
[Result "0-1"]
[WhiteElo "1795"]
[BlackElo "2036"]
[PlyCount "70"]
[EventDate "2019.??.??"]

1. e4 c5 2. Nf3 e6 3. d4 cxd4 4. Nxd4 a6 5. Nc3 Qc7 6. Bd3 Nf6 7. O-O b5 8. a3
Bb7 9. Be3 Be7 10. f4 d6 11. Kh1 Nbd7 12. Nb3 O-O 13. Rf3 Nc5 14. Nd2 Ng4 15.
Bg1 f5 16. Rg3 Bh4 17. exf5 exf5 18. Bxf5 Nh6 19. Bxh7+ Kxh7 20. Rh3 Qc6 21.
Nf3 Bf6 22. Qd2 Kg8 23. Bd4 Ne4 24. Nxe4 Qxe4 25. Re1 Qf5 26. Rg3 Bxd4 27. Qxd4
Qf6 28. Qd3 Rae8 29. Rd1 Qxf4 30. Rg6 Re3 31. Qxd6 Rxf3 32. Qe6+ Kh8 33. Rxh6+
gxh6 34. gxf3 Qxf3+ 35. Kg1 Qf2# 0-1

[Event "XXIX Miedzynarodowy Festiwal Szachowy CRACOVIA-2018 Grupa B"]
[Site "Krakow, Hotel Galaxy, ul. Gesia 22a"]
[Date "2019.01.04"]
[Round "9.48"]
[White "Kruczynski, Marek"]
[Black "Kosturkiewicz, Jacek"]
[Result "1/2-1/2"]
[WhiteElo "1744"]
[BlackElo "1972"]
[PlyCount "82"]
[EventDate "2019.??.??"]

1. e4 c5 2. Ne2 d6 3. Nbc3 Nf6 4. g3 g6 5. Bg2 Bg7 6. O-O O-O 7. d3 Nc6 8. Nf4
Bg4 9. f3 Bd7 10. Ncd5 e6 11. Ne3 b5 12. h3 Rb8 13. Kh2 Qc7 14. Ne2 h5 15. f4
Nd4 16. c3 Nxe2 17. Qxe2 Bc6 18. Nd1 Nd7 19. Be3 f5 20. Rc1 Qb7 21. Nf2 Rbe8
22. Qc2 Nf6 23. Bh1 c4 24. e5 Bxh1 25. Rxh1 dxe5 26. fxe5 Nd7 27. d4 Nb6 28.
Bg5 Nd5 29. Qd2 Qf7 30. Rhf1 Qd7 31. h4 Rf7 32. Nh3 Ref8 33. Qf2 Qc6 34. a3 Rb7
35. Qf3 Qd7 36. Nf4 Nxf4 37. gxf4 Kh7 38. Rg1 Rg8 39. Rg2 Bh6 40. Rcg1 Rg7 41.
Kh3 Bxg5 1/2-1/2

[Event "XXIX Miedzynarodowy Festiwal Szachowy CRACOVIA-2018 Grupa B"]
[Site "Krakow, Hotel Galaxy, ul. Gesia 22a"]
[Date "2019.01.04"]
[Round "9.49"]
[White "Czyzykiewicz, Rafal"]
[Black "Kaminski, Maciej"]
[Result "1/2-1/2"]
[WhiteElo "1730"]
[BlackElo "1862"]
[PlyCount "46"]
[EventDate "2019.??.??"]

1. e4 c5 2. c3 d5 3. exd5 Qxd5 4. d4 Nc6 5. Nf3 Bf5 6. Bb5 cxd4 7. Bxc6+ bxc6
8. Qxd4 Nf6 9. O-O e6 10. c4 Qxd4 11. Nxd4 Bd3 12. Rd1 Bxc4 13. Nxc6 Bc5 14.
Nc3 Rc8 15. Ne5 Ba6 16. a3 O-O 17. Bg5 Rfd8 18. Rxd8+ Rxd8 19. Ng4 Be7 20.
Nxf6+ gxf6 21. Be3 Rd7 22. Rd1 Rb7 23. b4 f5 1/2-1/2

[Event "XXIX Miedzynarodowy Festiwal Szachowy CRACOVIA-2018 Grupa B"]
[Site "Krakow, Hotel Galaxy, ul. Gesia 22a"]
[Date "2019.01.04"]
[Round "9.50"]
[White "Kalosha, Zhiulien Oleksii"]
[Black "Manko, Mariya"]
[Result "1-0"]
[WhiteElo "1795"]
[BlackElo "1814"]
[PlyCount "113"]
[EventDate "2019.??.??"]

1. e4 g6 2. d4 Bg7 3. Nc3 d6 4. Be3 a6 5. f3 b5 6. Qd2 Bb7 7. g4 h6 8. h4 Nd7
9. O-O-O c6 10. Kb1 Qc7 11. Nh3 O-O-O 12. Rg1 e6 13. Ne2 Ne7 14. Ng3 c5 15. c3
Kb8 16. Be2 Ka8 17. Bf2 Kb8 18. Rc1 d5 19. e5 c4 20. h5 Qb6 21. Be3 g5 22. f4
gxf4 23. Bxf4 Ka8 24. g5 hxg5 25. Bxg5 f6 26. exf6 Bxf6 27. Bxf6 Nxf6 28. Qg5
Rdf8 29. Rcf1 Rhg8 30. Rxf6 Rxg5 31. Rxf8+ Ka7 32. Nxg5 e5 33. Nf3 exd4 34.
cxd4 Qh6 35. Rf7 Qe6 36. Rf8 Qh6 37. Re8 Qf6 38. Ka1 Bc6 39. Rd8 Kb7 40. Ne5
Kc7 41. Nxc6 Kxc6 42. Rf1 Qg5 43. Rdf8 Qxg3 44. R8f6+ Kd7 45. h6 Qh4 46. Rxa6
Nc6 47. a3 Qxh6 48. Rf7+ Ke8 49. Rc7 Qh1+ 50. Ka2 Nd8 51. Rg6 Kf8 52. Rf6+ Ke8
53. Rf5 Ne6 54. Rh5 Qe4 55. Rh8+ Nf8 56. Bh5+ Kd8 57. Rf7 1-0

[Event "XXIX Miedzynarodowy Festiwal Szachowy CRACOVIA-2018 Grupa B"]
[Site "Krakow, Hotel Galaxy, ul. Gesia 22a"]
[Date "2019.01.04"]
[Round "9.51"]
[White "Wasik, Mateusz"]
[Black "Kostecka, Marika"]
[Result "1-0"]
[WhiteElo "1693"]
[BlackElo "1808"]
[PlyCount "141"]
[EventDate "2019.??.??"]

1. e4 c5 2. Nf3 d6 3. d4 cxd4 4. Nxd4 Nf6 5. Nc3 a6 6. Bc4 e6 7. Bb3 Nbd7 8.
O-O Nc5 9. Re1 Be7 10. f4 O-O 11. Qf3 Qc7 12. f5 e5 13. Nde2 Nxb3 14. axb3 b5
15. Bg5 Bb7 16. Ng3 b4 17. Na4 Nxe4 18. Bxe7 Nxg3 19. Bxd6 Qxd6 20. Qxg3 Rac8
21. c3 f6 22. Rad1 Qc6 23. c4 Rcd8 24. Qf2 e4 25. Qe3 Bc8 26. g4 Rd3 27. Rxd3
exd3 28. Rd1 Kh8 29. Qxd3 Bb7 30. Qd5 Qxd5 31. cxd5 Rd8 32. Nc5 Rxd5 33. Rxd5
Bxd5 34. Nxa6 Bxb3 35. Nxb4 Bd1 36. h3 h5 37. Nd3 hxg4 38. Nf2 Bb3 39. Nxg4 Kg8
40. Kf2 Kf7 41. Kg3 Ke7 42. Kf4 Kd6 43. Nf2 Kd5 44. Ne4 Bc2 45. Nc3+ Kc4 46. h4
Bb3 47. Ne4 Kd5 48. h5 Kd4 49. Nc3 Bc2 50. Nb5+ Kd3 51. Nd6 Bd1 52. b4 Kd4 53.
b5 Kc5 54. Ne4+ Kb6 55. Nxf6 Kxb5 56. Ng4 Kc5 57. Kg5 Kd6 58. Nf2 Bf3 59. Nd3
Ke7 60. Ne5 Bd1 61. Kg6 Kf8 62. Nc6 Bc2 63. Nd4 Be4 64. Ne6+ Kg8 65. Nxg7 Bc2
66. Ne6 Bb1 67. Ng5 Bc2 68. h6 Bb3 69. h7+ Kh8 70. Nf7+ Bxf7+ 71. Kxf7 1-0